[Event "Titled Tuesday intern op 06th Feb Early"]
[Site "Chess.com INT"]
[Date "2024.02.06"]
[Round "1"]
[White "Mausyach Suri, Kemas Ade Krisna"]
[Black "Nihal, Sarin"]
[Result "0-1"]
[WhiteElo "1980"]
[BlackElo "2693"]
[PlyCount "104"]
[EventDate "2024.02.06"]
[EventType "swiss (blitz)"]
[EventRounds "11"]
[EventCountry "USA"]
[SourceTitle "CB07_2024"]
[SourceDate "2024.02.14"]
[SourceVersion "1"]
[SourceVersionDate "2024.02.14"]
[SourceQuality "1"]

1. d4 a6 2. Bf4 b5 3. Nd2 Bb7 4. Ngf3 Nf6 5. e3 e6 6. Bd3 c5 7. c3 Be7 8. h3 0-0 9. 0-0 cxd4 10. exd4 Nc6 11. Re1 Rc8 12. Ne4 Nxe4 13. Bxe4 Na5 14. Bxb7 Nxb7 15. d5 Nd6 16. a4 Nc4 17. b3 Nb6 18. dxe6 dxe6 19. Qxd8 Rfxd8 20. axb5 axb5 21. Ra5 Rxc3 22. Rxb5 Nd5 23. Be5 Rd3 24. Rb7 f6 25. Bg3 e5 26. Ra1 Kf7 27. Ne1 Rc3 28. Rd1 Ke6 29. Nd3 Nc7 30. Nb2 Rxd1+ 31. Nxd1 Rc1 32. Kh2 Nd5 33. Ne3 Nxe3 34. fxe3 Rc3 35. e4 Re3 36. Rb6+ Kf7 37. Bf2 Rxe4 38. Rb7 Ke6 39. Rb6+ Kd7 40. Rb7+ Kd8 41. Bb6+ Ke8 42. Rb8+ Kf7 43. Rb7 Ke6 44. Ba5 Rd4 45. b4 h5 46. Rb6+ Bd6 47. Rc6 Kd5 48. b5 Ra4 49. Bd8 Rb4 50. Rb6 e4+ 51. Kg1 Bc5+ 52. Kf1 Bxb6 0-1

[Event "Jakarta op"]
[Site "Jakarta"]
[Date "2024.01.21"]
[Round "6"]
[White "Wanasida, Djoni"]
[Black "Mausyach Suri, Kemas Ade Krisna"]
[Result "0-1"]
[WhiteElo "1842"]
[BlackElo "1977"]
[PlyCount "150"]
[EventDate "2024.01.19"]
[EventType "swiss"]
[EventRounds "7"]
[EventCountry "INA"]
[SourceTitle "CB06_2024"]
[SourceDate "2024.02.07"]
[SourceVersion "1"]
[SourceVersionDate "2024.02.07"]
[SourceQuality "1"]

1. e4 c5 2. Nf3 e6 3. Nc3 Nc6 4. Bb5 Nge7 5. 0-0 a6 6. Bxc6 Nxc6 7. Re1 d6 8. d4 cxd4 9. Nxd4 Be7 10. Nxc6 bxc6 11. Bf4 0-0 12. e5 d5 13. Ne2 c5 14. Ng3 g6 15. Bh6 Re8 16. Qd2 Ra7 17. Rad1 Rd7 18. Qf4 f5 19. Qd2 d4 20. b3 Bb7 21. Ne2 Qc7 22. Nf4 Qc6 23. f3 Red8 24. Nh3 c4 25. Bg5 c3 26. Qd3 a5 27. Qe2 Bxg5 28. Nxg5 h6 29. Nh3 g5 30. Kh1 Kf7 31. Rg1 Ba6 32. Qe1 d3 33. cxd3 Rxd3 34. Rc1 Rd2 35. Qe3 R8d3 36. Qa7+ Bb7 37. Rgf1 c2 38. Ng1 Rd1 39. Rfxd1 Rxd1 40. Rxc2 Qxc2 41. Qxb7+ Kf8 42. Qb8+ Ke7 43. Qa7+ Ke8 44. Qb8+ Kd7 45. Qb5+ Qc6 46. Qxa5 Kc8 47. Qb4 Kc7 48. h4 Qb6 49. Qxb6+ Kxb6 50. hxg5 hxg5 51. Kh2 Kc5 52. Nh3 Kd5 53. Nxg5 Kxe5 54. f4+ Kd5 55. Kg3 Ra1 56. Kf3 Rxa2 57. g4 Ra3 58. gxf5 exf5 59. Kf2 Rxb3 60. Ke2 Ra3 61. Kf2 Kd4 62. Ke2 Rc3 63. Kf2 Kd3 64. Kf3 Rc1 65. Nh3 Ra1 66. Nf2+ Kd2 67. Nh3 Ra3+ 68. Kg2 Ke3 69. Kg3 Ke4+ 70. Kg2 Rxh3 71. Kxh3 Kxf4 72. Kh2 Kf3 73. Kg1 Ke2 74. Kg2 f4 75. Kh2 f3 0-1

[Event "Penang op 15th"]
[Site "Penang"]
[Date "2023.12.18"]
[Round "1"]
[White "Mausyach Suri, Kemas Ade Krisna"]
[Black "Yong, Je Pin Ian"]
[Result "1/2-1/2"]
[WhiteElo "1975"]
[BlackElo "1464"]
[PlyCount "107"]
[EventDate "2023.12.18"]
[EventType "swiss"]
[EventRounds "9"]
[EventCountry "MAS"]
[SourceTitle "CB52_2023"]
[SourceDate "2023.12.27"]
[SourceVersion "1"]
[SourceVersionDate "2023.12.27"]
[SourceQuality "1"]

1. d4 Nf6 2. Bf4 e6 3. e3 d5 4. Nf3 c5 5. c3 Nc6 6. Nbd2 Be7 7. Ne5 0-0 8. Bd3 h6 9. 0-0 Bd6 10. Qf3 Qc7 11. Nxc6 Bxf4 12. exf4 Qxc6 13. g4 g6 14. dxc5 Qxc5 15. Rfe1 Bd7 16. Nb3 Qc7 17. Nd4 Rfe8 18. h3 Bc6 19. Re3 Re7 20. f5 exf5 21. gxf5 g5 22. Rae1 Rae8 23. Bc2 Kf8 24. b4 Qf4 25. Qxf4 gxf4 26. Rxe7 Rxe7 27. Rxe7 Kxe7 28. f3 Kd6 29. Kf2 Ke5 30. a4 Nh5 31. a5 Ng3 32. a6 Kd6 33. b5 Bd7 34. axb7 Kc7 35. f6 Nh5 36. Bf5 Nxf6 37. Bxd7 Kxb7 38. Be6 fxe6 39. Nxe6 Kb6 40. Nd4 Kc5 41. Ke2 Kc4 42. Kd2 Ne8 43. Nf5 h5 44. Ne7 Nc7 45. Ng6 Ne6 46. h4 Kxb5 47. Kc2 a5 48. Ne5 Ng7 49. Nd3 Nf5 50. Nxf4 Nxh4 51. Nxh5 Nxf3 52. Kb3 a4+ 53. Ka3 Kc4 54. Nf4 1/2-1/2

[Event "Penang op 15th"]
[Site "Penang"]
[Date "2023.12.18"]
[Round "2"]
[White "Norhayalim, Muhd Farhan"]
[Black "Mausyach Suri, Kemas Ade Krisna"]
[Result "0-1"]
[WhiteElo "1304"]
[BlackElo "1975"]
[PlyCount "72"]
[EventDate "2023.12.18"]
[EventType "swiss"]
[EventRounds "9"]
[EventCountry "MAS"]
[SourceTitle "CB52_2023"]
[SourceDate "2023.12.27"]
[SourceVersion "1"]
[SourceVersionDate "2023.12.27"]
[SourceQuality "1"]

1. d4 Nf6 2. c4 e6 3. Bf4 b6 4. Nf3 Bb7 5. e3 Be7 6. Be2 Nh5 7. Be5 d6 8. Bg3 Nd7 9. Nbd2 Bf6 10. e4 Nxg3 11. hxg3 c5 12. dxc5 Nxc5 13. Qc2 Qd7 14. Rb1 0-0-0 15. b4 Qa4 16. Bd1 Qxc2 17. Bxc2 Nd7 18. a4 Kb8 19. Rb3 h6 20. Ke2 Rhe8 21. Rhb1 d5 22. Bd3 Ka8 23. a5 bxa5 24. bxa5 Nc5 25. Rb5 dxe4 26. Rxc5 exd3+ 27. Kd1 Re7 28. Rb3 e5 29. Nh4 Bxh4 30. gxh4 Bxg2 31. f3 e4 32. a6 Bxf3+ 33. Ke1 e3 34. Rxd3 exd2+ 35. Kxd2 Rxd3+ 36. Kxd3 Kb8 0-1

[Event "World ol U16"]
[Site "Ahmedabad"]
[Date "2017.12.14"]
[Round "5.2"]
[White "Mausyach Suri, Kemas Ade Krisna"]
[Black "Essa, Naseem Ahmed"]
[Result "0-1"]
[WhiteElo "1805"]
[BlackElo "1864"]
[PlyCount "58"]
[EventDate "2017.12.11"]
[EventType "team-swiss"]
[EventRounds "9"]
[EventCountry "IND"]
[SourceTitle "CBM 182 Extra"]
[Source "ChessBase"]
[SourceDate "2018.02.23"]
[SourceVersion "1"]
[SourceVersionDate "2018.02.23"]
[SourceQuality "1"]
[WhiteTeam "Indonesia"]
[BlackTeam "South Africa"]
[WhiteTeamCountry "INA"]
[BlackTeamCountry "RSA"]

1. e4 c5 2. Nf3 g6 3. d4 cxd4 4. Qxd4 Nf6 5. e5 Nc6 6. Qa4 Nd5 7. Qe4 Ndb4 8. c3 d5 9. Qe2 Na6 10. Bf4 Bg7 11. Qe3 Qb6 12. Qxb6 axb6 13. Nbd2 Nc5 14. Bb5 Bd7 15. b4 Ne6 16. Bxc6 Nxf4 17. Bxd7+ Kxd7 18. g3 Nd3+ 19. Ke2 Nxe5 20. Nd4 Rhc8 21. Nb5 Nc4 22. Nb3 Na3 23. N5d4 Bxd4 24. cxd4 Nc2 25. Kd2 Nxa1 26. Rxa1 Ra3 27. h4 Rc4 28. b5 Rca4 29. Nc1 Rxd4+ 0-1